LEADER 01016nam a2200265 i 4500 001 000000038966 003 CaOOAMICUS 005 20190403154534.0 008 080613s1971 it u000 u ita u 013 $a9586 040 $aSeMil$bita 100 1 $aSefér?s, Gi?rgos,$d<1900-1971>.$0(OLS)http://semarc/name/15430 245 13$aLe opere :$bPoesia, Prosa /$cGiorgio Seferis. 260 $aMilano :$bClub degli editori,$ccopyr. 1971. 300 $aXXX, 765 p., [1] p. di ritratto ;$c19 cm. 490 0 $aScrittori del mondo: i Nobel ;$v.[1963] 500 $aFondo Ciprandi. 830 0$aScrittori del mondo: i Nobel ;$v.[1963].$0(OLS)http://semarc/title/25869 850 $aSeMil 852 $aSeMil$W1$xVenegono$y1$m1W I 287$j5121$B5121$CSeMilBibl$Z2$F5121 $81 941 1 $a1 961 $aOmaggio: Ciprandi dott. Paolo 996 $6245$aLe opere :$bPoesia, Prosa$9(OLS)http://semarc/title/55253 996 $6260$aMilano :$bClub degli editori$9(OLS)http://semarc/publisher/33332 LEADER 01704nam a2200349 i 4500 001 000000247570 003 CaOOAMICUS 005 20210524125912.0 008 160121s1891 it u000 u lat u 013 $a226475 040 $aSeMil$bita 110 2 $aChiesa Cattolica.$0(OLS)http://semarc/name/987 245 10$aCatechismus ex decreto Concilii Tridentini ad parochos, Pii 5. pontificis max. et deinde Clementis 13. iussu editus nunc ad fidem manutiani textus et optimorum exemplarium iteratis curis castigate impressus. 250 $aNova editio romana. 264 1$aRomae :$bEx Typographia polyglotta S. C. de Propaganda fide,$c1891. 300 $aVIII, 595 p. ;$c18 cm. 500 $aDalla biblioteca del Card. Colombo. 650 4$aCatechismus Romanus.$0(OLS)http://semarc/subject/1957 700 0 $aPius V,$c.$0(OLS)http://semarc/name/3050 700 0 $aClemens XIII,$c.$0(OLS)http://semarc/name/2920 850 $aSeMil 852 $aSeMil$W1$xVenegono$y1$m2C II 15 FA$j197916$B197916$CSeMilBibl$Z2$F209093 $8I 900 0 $aClemente XIII$c. 900 0 $aPio V$c. 910 2 $aSanta Sede. 961 $aLascito: Colombo Card. Giovanni 996 $6245$aCatechismus ex decreto Concilii Tridentini ad parochos, Pii 5. pontificis max. et deinde Clementis 13. iussu editus nunc ad fidem manutiani textus et optimorum exemplarium iteratis curis castigate impressus$9(OLS)http://semarc/title/349565 996 $6264$aRomae :$bEx Typographia polyglotta S. C. de Propaganda fide$9(OLS)http://semarc/publisher/41895